000 00358nam a2200169Ia 4500
003 0STCL
008 150530s9999 xx 000 0 und d
040 _aSTCL
_cSTCL
100 _aJohn paul II
245 _aJeevante Suvisesham
260 _c1995
300 _a170
546 _aMalayalam
942 _2ddc
_cBK
999 _c3632
_d3632
005 20220125165336.0